Game Writing Narrative Skills for Videogames /
Compilación de artículos sobre el arte y la habilidad de escribir para el público usuario de videojuegos, narrativa que tiene características particulares debido a la demanda de historias atractivas, activas y no lineales, con personajes que reten al jugador.
Shranjeno v:
| Glavni avtor: | |
|---|---|
| Format: | Knjiga |
| Jezik: | angleščina |
| Izdano: |
Boston, EUA :
Charles River Media,
2007, c2007
|
| Serija: | (Game Development)
|
| Teme: | |
| Oznake: |
Brez oznak, prvi označite!
|
MARC
| LEADER | 00000nam^a2200000^a^4500 | ||
|---|---|---|---|
| 001 | 000191954 | ||
| 005 | 20250521000000.0 | ||
| 009 | 20260310102546.716 | ||
| 020 | |a 1-58450-490-0 | ||
| 037 | |a Acervo ITESO - Biblioteca | ||
| 041 | |a ING | ||
| 082 | |a 302. 23702 |b BAT | ||
| 100 | |a Bateman, Chris |e (ed.) | ||
| 245 | 1 | 0 | |a Game Writing Narrative Skills for Videogames / |c Ed. y pref. de C. Bateman. |
| 264 | 4 | |a Boston, EUA : |b Charles River Media, |c 2007, c2007 | |
| 300 | |a XXIII, 308 p. | ||
| 336 | |a texto |b txt |2 rdacontenido | ||
| 337 | |a sin mediación |b n |2 rdamedio | ||
| 338 | |a volumen |b nc |2 rdasoporte | ||
| 440 | 1 | |a (Game Development) | |
| 520 | |a Compilación de artículos sobre el arte y la habilidad de escribir para el público usuario de videojuegos, narrativa que tiene características particulares debido a la demanda de historias atractivas, activas y no lineales, con personajes que reten al jugador. | ||
| 649 | |a XX | ||
| 650 | |a Narración (Retórica) - |x Tema Principal | ||
| 650 | |a Estructura (Lenguaje Hipermedial) | ||
| 650 | |a Lenguaje Hipermedial | ||
| 650 | |a Videojuegos - |x Tema Principal | ||
| 650 | |a Multimedia | ||
| 650 | |a Interactividad | ||
| 650 | |a Tecnologías de Comunicación e Información | ||
| 650 | |a Medios de Comunicación | ||
| 650 | |a Comunicación Masiva | ||
| 650 | |a Ingeniería Computacional | ||
| 910 | |a Fondo General | ||
| 920 | |a Impresos - Libros | ||
| 930 | |a Colección General | ||
| 905 | |a 101 | ||
| 901 | |a 0500135573 |b IT1 |c ACC |u 20250521 | ||
| 902 | |a https://opac.biblio.iteso.mx/vufind/Record/000191954 | ||